The largest states by money earned from exports - Statistics

General Stats
  • This quiz has been taken 30 times
  • The average score is 13 of 15
Answer Stats
Money made from exports Answer % Correct
$178,181,052,789 California
97%
$57,236,644,391 Florida
97%
$81,683,200,233 New York
93%
$77,968,221,479 Washington
93%
$54,403,829,149 Ohio
90%
$41,192,635,837 Pennsylvania
90%
$315,938,509,210 Texas
90%
$40,613,321,982 Georgia
87%
$65,491,406,440 Illinois
87%
$58,034,773,175 Michigan
87%
$35,354,227,977 New Jersey
87%
$32,761,500,870 North Carolina
87%
$39,330,299,869 Indiana
80%
$34,628,561,632 South Carolina
70%
$67,297,074,920 Louisiana
67%
No matching quizzes found
Score Distribution
Percent of People with Each Score
Percentile by Number Answered
Your Score History
You have not taken this quiz